000 00601nam a2200229Ia 4500
003 OSt
005 20220924143318.0
006 a|||||r|||| 00| 0
007 ta
008 220923b |||||||| |||| 00| 0 ara d
024 _a307728
037 _cTextual
040 _aARTS
_cARTS
_bara
041 _2ara
_aara
082 _aDelta73wM, 168J3
100 _aFehmi Mufti Shaukat Ali
_9215396
245 0 _aHind aur Pakistan ke aulia
260 _c1953
650 _aSPIRurdALISM
942 _hDelta73wM, 168J3
_cTEXL
_2CC
999 _c454040
_d454040